Statystyki dla Wiedza o separatystycznych regionach świata

Kliknij tutaj aby rozwiązać quiz!

Ogólne statystyki

  • Ten quiz został rozwiązany 39 razy
  • Średni wynik to 5 z 12

Statystyki odpowiedzi

WskazówkaOdpowiedź% Poprawnych
Znajduje się w Europie symbolem tego regionu jest osiołekKatalonia
66%
Separatystyczny region polski ich populacja wynosi ok 800 tys.Śląsk
66%
Ten separatystyczny region uznają 4 państwa. Między innymi Nauru,Wenezuela,NikaraguaAbchazja
63%
Był uznawany przez 5 dni na arenie miedzynarodowejSomaliland
53%
Znajduje się w chinach, populacja
wynosi 3mln i 680 tyś. a stolica to Lhasy
Tybet
53%
Ubiega się o członkostwo w ONZ jego ludność to ok.24 mlnTajwan
47%
Największym miastem tego separatystycznego regionu jest HoustonTeksas
44%
Wyspy należące do Stanów Zjednoczonych ich ludność to 169 tyś.Guam
25%
Stolica tego separatystycznego regionu została założona w 1608 roku w większości ludzie posługują sie tam w większości językiem francuskimQuebec
22%
Znajduje się na półwyspie iberyjskimGibraltar
16%
Największy region separatystyczny AfrykiCyrenajka
6%
2 Największy separatystyczny region na świecieKrasnojarsk
6%

Rozkład punktacji

Percentyl według liczby udzielonych odpowiedzi

Procent ludzi z każdym wynikiem

Twoja historia wyników

Nie rozwiązałeś tego quizu